[Event "Edinburgh Park op"]
[Site "Edinburgh"]
[Date "2023.03.04"]
[Round "5"]
[White "Lancaster, John"]
[Black "Al Dakl Alla, Muhammad"]
[Result "1-0"]
[WhiteElo "1675"]
[BlackElo "1318"]
[PlyCount "66"]
[EventDate "2023.03.04"]
[EventType "swiss"]
[EventRounds "5"]
[EventCountry "SCO"]
[SourceTitle "CBM 213 Extra"]
[Source "ChessBase"]
[SourceDate "2023.05.31"]
[SourceVersion "1"]
[SourceVersionDate "2023.05.31"]
[SourceQuality "1"]

1. e4 c5 2. Nf3 g6 3. d4 cxd4 4. c3 d3 5. Bxd3 Bg7 6. 0-0 Nc6 7. c4 e6 8. Nc3 Nge7 9. Bf4 e5 10. Bg3 d6 11. h3 0-0 12. Nh2 f5 13. f4 Nb4 14. Bb1 Be6 15. a3 Nbc6 16. Nd5 fxe4 17. Bxe4 Nf5 18. Bxf5 Bxf5 19. Nf3 e4 20. Nh4 Nd4 21. Bf2 Ne6 22. g4 Bd4 23. gxf5 Bxf2+ 24. Rxf2 Nc5 25. f6 Qd7 26. Qg4 Qxg4+ 27. hxg4 Nd3 28. Re2 Rfe8 29. Nc7 Rac8 30. Nxe8 Rxe8 31. Rf1 Kf7 32. g5 e3 33. Ng2 Rh8 1-0

[Event "Edinburgh Park op"]
[Site "Edinburgh"]
[Date "2023.03.04"]
[Round "3"]
[White "McNaught, Jordan J"]
[Black "Lancaster, John"]
[Result "0-1"]
[WhiteElo "1527"]
[BlackElo "1675"]
[PlyCount "106"]
[EventDate "2023.03.04"]
[EventType "swiss"]
[EventRounds "5"]
[EventCountry "SCO"]
[SourceTitle "CBM 213 Extra"]
[Source "ChessBase"]
[SourceDate "2023.05.31"]
[SourceVersion "1"]
[SourceVersionDate "2023.05.31"]
[SourceQuality "1"]

1. d4 e6 2. c4 Nf6 3. Nf3 c5 4. d5 exd5 5. cxd5 d6 6. Nc3 g6 7. e4 Bg7 8. Be2 0-0 9. 0-0 Re8 10. Nd2 a6 11. a4 Nbd7 12. f3 Ne5 13. Ncb1 Rb8 14. Na3 Bd7 15. Nac4 Nxc4 16. Nxc4 Qc7 17. Bf4 Bf8 18. Qd2 b5 19. axb5 axb5 20. Na3 Bg7 21. Rac1 Nh5 22. Be3 f5 23. Bd3 c4 24. Bb1 f4 25. Bd4 Be5 26. Nc2 g5 27. Nb4 Re7 28. Na6 Bxd4+ 29. Qxd4 Qb6 30. Qxb6 Rxb6 31. Nb4 Nf6 32. Bc2 Kg7 33. Ra1 Be8 34. Ra8 Bg6 35. Rfa1 g4 36. Nc6 Rf7 37. Kf2 Nd7 38. R1a7 gxf3 39. gxf3 b4 40. Nd8 Re7 41. Ne6+ Kf6 42. Nxf4 c3 43. b3 Nc5 44. Rf8+ Rf7 45. Raxf7+ Bxf7 46. e5+ dxe5 47. Nh5+ Ke7 48. Rc8 Bxh5 49. Bxh7 Kd6 50. Rd8+ Nd7 51. Bf5 Rb7 52. Bxd7 Rxd7 53. Rb8 c2 0-1